Detalles MARC
| 000 -LEADER |
| fixed length control field |
01746nam a2200445 i 4500 |
| 001 - CONTROL NUMBER |
| control field |
DIGHERDER0715 |
| 003 - CONTROL NUMBER IDENTIFIER |
| control field |
NyNyDIG |
| 007 - PHYSICAL DESCRIPTION FIXED FIELD--GENERAL INFORMATION |
| fixed length control field |
cr ||||||||||| |
| 008 - FIXED-LENGTH DATA ELEMENTS--GENERAL INFORMATION |
| fixed length control field |
241114s2024 sp a ob 000 0 spa d |
| 006 - FIXED-LENGTH DATA ELEMENTS--ADDITIONAL MATERIAL CHARACTERISTICS |
| fixed length control field |
m o d |
| 035 ## - SYSTEM CONTROL NUMBER |
| System control number |
(OCoLC)1472055116 |
| 040 ## - CATALOGING SOURCE |
| Original cataloging agency |
DGITA |
| Language of cataloging |
eng |
| Description conventions |
rda |
| -- |
pn |
| Transcribing agency |
DGITA |
| 020 ## - INTERNATIONAL STANDARD BOOK NUMBER |
| International Standard Book Number |
9788425451027 |
| Qualifying information |
digital |
| 020 ## - INTERNATIONAL STANDARD BOOK NUMBER |
| Canceled/invalid ISBN |
9788425451010 |
| 041 1# - LANGUAGE CODE |
| Language code of text/sound track or separate title |
spa |
| Language code of original |
ger |
| 050 14 - LIBRARY OF CONGRESS CALL NUMBER |
| Classification number |
BD216 ebook |
| 100 1# - MAIN ENTRY--PERSONAL NAME |
| Personal name |
Han, Byung-chul, |
| Relator term |
author. |
| 240 10 - UNIFORM TITLE |
| Uniform title |
Geist der Hoffnung. |
| Language of a work |
Spanish |
| Version |
(Ciria) |
| 245 13 - TITLE STATEMENT |
| Title |
El espíritu de la esperanza : |
| Remainder of title |
contra la sociedad del miedo / |
| Statement of responsibility, etc. |
Byung-Chul Han ; con imágenes de Anselm Kiefer ; traducción de Alberto Ciria. |
| 250 ## - EDITION STATEMENT |
| Edition statement |
1a edición digital. |
| 264 #1 - PRODUCTION, PUBLICATION, DISTRIBUTION, MANUFACTURE, AND COPYRIGHT NOTICE |
| Place of production, publication, distribution, manufacture |
Barcelona : |
| Name of producer, publisher, distributor, manufacturer |
Herder, |
| Date of production, publication, distribution, manufacture, or copyright notice |
2024. |
| 300 ## - PHYSICAL DESCRIPTION |
| Extent |
1 online resource : |
| Other physical details |
illustrations. |
| 336 ## - CONTENT TYPE |
| Content type term |
text |
| Content type code |
txt |
| Source |
rdacontent |
| 337 ## - MEDIA TYPE |
| Media type term |
computer |
| Media type code |
c |
| Source |
rdamedia |
| 338 ## - CARRIER TYPE |
| Carrier type term |
online resource |
| Carrier type code |
cr |
| Source |
rdacarrier |
| 347 ## - DIGITAL FILE CHARACTERISTICS |
| File type |
text file |
| Source |
rdaft |
| 347 ## - DIGITAL FILE CHARACTERISTICS |
| Encoding format |
EPUB |
| 504 ## - BIBLIOGRAPHY, ETC. NOTE |
| Bibliography, etc. note |
Includes bibliographical references. |
| 588 0# - SOURCE OF DESCRIPTION NOTE |
| Source of description note |
Online resource; title from ePub title page (Digitalia, viewed November 14, 2024) |
| 650 #0 - SUBJECT ADDED ENTRY--TOPICAL TERM |
| Topical term or geographic name entry element |
Hope |
| General subdivision |
Philosophy. |
| 700 1# - ADDED ENTRY--PERSONAL NAME |
| Personal name |
Kiefer, Anselm, 1945- |
| Relator term |
illustrator. |
| 700 1# - ADDED ENTRY--PERSONAL NAME |
| Personal name |
Ciria, Alberto, |
| Relator term |
translator. |
| 700 1# - ADDED ENTRY--PERSONAL NAME |
| Relationship information |
Translation of: |
| Personal name |
Han, Byung-chul. |
| Title of a work |
Geist der Hoffnung. |
| 791 2# - |
| -- |
Digitalia (Firm), |
| -- |
distributor. |
| 793 0# - |
| -- |
Digitalia eBook Collection: |
| -- |
Herder Editorial |
| 776 08 - ADDITIONAL PHYSICAL FORM ENTRY |
| Relationship information |
Print version: |
| Main entry heading |
Han, Byung-chul. |
| Uniform title |
Geist der Hoffnung. Spanish (Ciria). |
| Title |
Espíritu de la esperanza. |
| Place, publisher, and date of publication |
Barcelona : Herder, [2024] |
| International Standard Book Number |
9788425451010 |
| 856 40 - ELECTRONIC LOCATION AND ACCESS |
| Materials specified |
Digitalia Hispánica |
| Uniform Resource Identifier |
<a href="https://www.digitaliapublishing.com/a/160920/">https://www.digitaliapublishing.com/a/160920/</a> |
| 910 ## - USER-OPTION DATA (OCLC) |
| User-option data |
Premium collection: 2024 |
| 942 ## - ADDED ENTRY ELEMENTS (KOHA) |
| Koha item type |
Recurso Electrónico |